000 00451nam a2200181Ia 4500
001 12910
005 20260306163015.0
008 260306t2002||||xx |||||||||||||| ||spa||
041 _aESP
082 _aRD 463
_bH81
100 _aHoyo, Arturo del (1917-2004)
_eAUT
245 0 _aDiccionario de palabras y frases extranjeras
260 _c2002
300 _a658 páginas :
_c17 cm.
650 _aGEN
654 _aCHU
942 _cDIC
_dJUS
_fJUS
_2ddc
_n
999 _c12910
_d12910